Countries by Google-Translated ChatGPT Summary #2 - Statistics

General Stats
  • This quiz has been taken 10 times
  • The average score is 9 of 20
Answer Stats
ChatGPT and Google Translate Oucome ChatGPT's intended sentence Answer % Correct
In that city, the mountains are clear, the sea is good, the water mountains are sinking This country has cold mountains, many glaciers, and many volcanoes Iceland
88%
In that city, the great forest, Antarctica is sinking, with thousands of countries, life in the sunny sea This country has large plains, reaches near Antarctica, has many islands, and lies by the Southern Hemisphere Argentina
75%
In that city, the Sahara is sinking, we see ancient cities on the sea This country borders the Sahara Desert and has many ancient cities Morocco
75%
In that city, we see towns with good mountains, friends with good, watery towns This country has beautiful mountains, many sheep, and many lakes New Zealand
75%
The town and nearby farms are sinking from the lakes, the towns are talking, and everyone wants to be safe This country lies between two continents, has many ancient cities, and people live well Turkey
75%
The city, in the middle of the city, with good housing, education is good This is a small country with beautiful buildings and good education. Luxembourg
63%
We see the city, the big city, the trees, the mountains, all the good knowledge This is a very large country with forests, mountains, and many technologies Russia
63%
In that city, in the Sahara, people want peace, rivers are disappearing This country lies in the Sahara Desert, people live in oases, and many rivers dry up Mauritania
50%
In that city, we see the sunshine of life, the languages of the people of the great cities This country is in the Balkans, people speak many languages, and it has many historic towns North macedonia
50%
In that city, on the starry sea, the desert is sinking, we see great suns on the sea This country lies in the desert by the Red Sea and has many oil fields Saudi Arabia
50%
In that city, we see the people of the sea, the good life of the sea friends, the rivers In this country, people live around a big lake, the lake has many fish, and many rivers flow Malawi
38%
In the city, river walks, waterfalls, good lives with friends This country has many rivers, hills, lakes, and rich wildlife Malaysia
38%
The city, with its huge forests, rocky hills, and people speaking well This country has big plains, tall mountains, and many languages Pakistan
25%
In that city, river valleys, fears want to live well, people in the cities we see in the past This country has many rivers, wildlife lives well, and people see the sunrise first in some places South Africa
25%
In the opposite city, there is a woman who walks around the lake A very small island country where people live surrounded by the sea and waves Tuvalu
25%
In the city, the rivers are well drained, the forests want to live well, and the people’s languages are good This country has many rivers, dense forests, abundant wildlife, and many languages Cameroon
13%
In the opposite city, the water resources of the lake are being lost to women A very small island country with clean water and people living on the shore São Tomé and Príncipe
13%
There are good river walks in the city, good forest life and good people This country has many rivers and forests, and people speak many languages Laos
13%
The city, with its riverine mountains, lives well from trouble This country has many rivers and hills, and people live well Bangledesh
0%
They want to live well in the city and in the forest, good views of people's languages This country has dense forests where animals live well and people speak many languages Central African Republic
0%
No matching quizzes found
Score Distribution
Percent of People with Each Score
Percentile by Number Answered
Your Score History
You have not taken this quiz